000 01044nam a2200265 a 4500
001 000006388
005 20250502073818.0
008 090828s2000 dr d 001 0 spa d
040 _aDO-SdBNP
_bspa
_cBNPHU
082 _a342.729304
_bA485d, 2000
100 1 _aAmaro Guzmán, Raymundo
_9656
245 1 0 _aDerecho y práctica de la función pública /
_cRaymundo Amaro Guzmán.
250 _a2a ed.
260 _aSanto Domingo :
_bTiempo,
_c2000.
300 _a610 p. :
_bdiagr. ;
_c21 cm.
500 _aIncluye notas al pie de las páginas
590 _aInventariado, 2018/ YL
650 4 _aDerecho administrativo
_zRepública Dominicana
_91203
651 4 _aRepública Dominicana
_zAdministración Pública
_917763
650 4 _aFunción pública
_zRepública Dominicana
_917764
650 4 _aCarrera administrativa
_915768
651 4 _aFuncionarios Públicos
_xSueldos, Asignaciones, Etc.
_917765
710 1 _aRepública Dominicana.
_bOficina Nacional de Administración y Personal
_926398
910 _aValidado. Control de calidad MMOLINA
999 _c6183
_d6183